| 000 | 01337nam a2200253Ia 4500 | ||
|---|---|---|---|
| 999 |
_c4979 _d4979 |
||
| 003 | OSt | ||
| 005 | 20200416160202.0 | ||
| 008 | 191128s2007 ck ado gr 000 0dspa d | ||
| 040 |
_aCO-JMCR _cCO-JMCR |
||
| 041 | 0 | _aspa | |
| 082 | 0 | 4 |
_a303.44 / _bP964b |
| 110 | 2 |
_aPrograma de las Naciones Unidas para el Desarrollo _93154 |
|
| 245 | 2 | 0 |
_aBogotá con Desarrollo Humano : _bAhí está el detalle Avances, retos y oportunidades / _cPrograma de las Naciones Unidas para el Desarrollo |
| 260 |
_aBogotá : _bPrograma de las Naciones Unidas para el Desarrollo, _c2007 |
||
| 300 |
_a45 páginas : _bilustraciones a color, Fotografías, gráficas ; _c28 cm. |
||
| 504 | _aBibliografía: páginas 45. | ||
| 505 | _aBogotá desafío a la indiferencia -- Impensable dar marcha atrás -- El desarrollo humano y la política pública distrital -- Los índices de desarrollo humano -- El índice de condiciones de vida -- La segregación en Bogotá | ||
| 520 | _aEl plan de desarrollo Bogotá sin indiferencia, un compromiso social conta la pobreza y la exclusión retó a la ciudad con determinación moral y racional a que no se olvide de los excluidos. | ||
| 650 | 1 | 4 |
_aIndicadores sociales _93155 |
| 650 | 2 | 4 |
_aCondiciones sociales _93156 |
| 650 | 2 | 4 |
_aDesarrollo social _93157 |
| 650 | 2 | 4 |
_a Desarrollo humano _93158 |
| 942 |
_2ddc _cBK |
||